Κατάλογος Βιβλιοθηκών Mediterranean College

Preschool Teachers' Attitudes Towards Inclusive Education in Athens, Greece/Dissertation Submitted to the University of Derby in Partial Fulfillment of the Requirements for the Degree of Master of Arts in Education (Record no. 8695)

MARC details
000 -LEADER
fixed length control field 01199cam a22001814a 4500
005 - ΗΜΕΡΟΜΗΝΙΑ ΚΑΙ ΩΡΑ ΤΕΛΕΥΤΑΙΑΣ ΕΝΗΜΕΡΩΣΗΣ
Πεδίο ελέγχου 20250605164343.0
008 - FIXED-LENGTH DATA ELEMENTS--GENERAL INFORMATION
Πεδίο ελέγχου σταθερού μήκους 250528s ||||||||||||||||||||||||d
035 ## - SYSTEM CONTROL NUMBER
System control number 23753
040 ## - ΠΗΓΗ ΚΑΤΑΛΟΓΟΓΡΑΦΗΣΗΣ
Φορέας πρωτότυπης καταλογογράφησης MC Athens Campus Library
Γλώσσα καταλογογράφησης Ελληνικά, Μοντέρνα (1453-)
Modifying agency MC Athens Campus Library
Κανόνες περιγραφικής καταλογογράφησης AACR2
245 1# - ΤΙΤΛΟΣ ΚΑΙ ΔΗΛΩΣΗ ΥΠΕΥΘΥΝΟΤΗΤΑΣ
Τίτλος Preschool Teachers' Attitudes Towards Inclusive Education in Athens, Greece/Dissertation Submitted to the University of Derby in Partial Fulfillment of the Requirements for the Degree of Master of Arts in Education
260 ## - PUBLICATION, DISTRIBUTION, ETC.
Date of publication, distribution, etc. 2019
300 ## - PHYSICAL DESCRIPTION
Extent 93
520 ## - SUMMARY, ETC.
Summary, etc. Aim and the Purpose of the Study, Literature Review, Introduction, Inclusion: The Meaning and the Philosophy Behind the Words, Mainstream Teachers' Attitudes Towards Inclusion, Challenges of Inclusion, Methodology, Introduction, Methodology Approach, Data Collection Method, Sample, Access and Ethics, Data Analysis, Findings, Introduction, Conceptualization of Inclusion and the Role of the Preschool Teacher, Attitudes Towards the Inclusion of SEND Children, Challenges andf Limitations for Inclusion, Discussion, Conclusion and Recommendations, Limitations of the Study, References, Appendices.
700 1# - ΠΡΟΣΘΕΤΗ ΑΝΑΓΡΑΦΗ--ΦΥΣΙΚΟ ΠΡΟΣΩΠΟ
Personal name Touratzidou Kyriaki
9 (RLIN) 9292
942 ## - ADDED ENTRY ELEMENTS (KOHA)
Koha item type Διπλωματική εργασία
Holdings
Τύπος τεκμηρίου Βιβλιοθήκη Τρέχουσα τοποθεσία Barcode Ημερομηνία απόκτησης Ταξιθετικό σύμβολο Αριθμός αντιτύπου Κατάσταση απόσυρσης Κατάσταση χαμένου Κατάσταση κατεστραμμένου Μη δανεισμός Σύνολο δανεισμών Ημερομηνία τελευταίας εμφάνισης Η τιμή ισχύει από
Διπλωματική εργασία MC Athens Campus Library MC Athens Campus Library 9780000086945 05/06/2025 EDU 2019 (6) 1           05/06/2025 05/06/2025

MC Athens Campus Library
Πατησίων 94 & Κοδριγκτώνος 13, 104 34
Πελλήνης 8 & Πατησίων 107, 112 51
Τ: +30 210 8899600

MC Thessaloniki Campus Library
Ίωνος Δραγούμη 21, 54625 | Ίωνος Δραγούμη 15, 54625
Τ: +30 2310 287779 – Τ: +30 2314 440300